Datum a čas kvízu
36
Celkem bodů
Celkový počet nahraných bodů na tomto kvízu bez doplňovacích otázek.
2.
Pořadí na kvízu
Konečné umístění týmu na tomto kvízu.
Zaznamenané odpovědi
| # | Otázka | Odpověď | Body | Výsledky |
|---|---|---|---|---|
| 1. | Sněmovna schválila minulý týde... | tři přihlášky | 1 | |
| 2. | Jeden bývalý evropský premiér... | Boris Johnson | 1 | |
| 3. | Doplňte slovo do názvu časosbě... | Havel | 0 | |
| 4. | Kopřivnická Tatra představila... | vodík | 1 | |
| 5. | Které dvě země se utkaly v sob... | Jihoafrická republika, Nový Zéland | 1 | |
| 6. | Naše téma nezačneme v kurníku,... | Fabergého vejce | 1 | |
| 7. | Barvíte velikonoční vajíčka? T... | 1B 2A 3D 4C | 0 | |
| 8. | Která z vajec na obrázku snesl... | B | 1 | |
| 9. | Ze kterého animovaného filmu z... | ze Slepičího úletu | 0 | |
| 10. | Vyberte nepravdivé tvrzení. | C | 1 |